Kapitoly ze speciální pedagogiky /

Main Author: Pipeková, Jarmila, 1955-
Language: Czech
Published: Brno : Paido, 2010
Edition: 3., přeprac. a rozš. vyd.
Subjects:
Online Access: Digitalizovaný dokument
Physical Description: 401 s. : il. ; 23 cm
Language note: Anglické resumé
Book
Saved in:
LEADER 02383nam a2200529 a 4500
001 nkc20102158734
003 CZ PrNK
005 20151216094355.0
007 ta
008 101230s2010 xr a f p 001 0 cze
015 |a cnb002158734 
020 |a 978-80-7315-198-0  |q (brož.) 
035 |a (OCoLC)713794168 
040 |a OLA001  |b cze  |d ABA001 
041 0 |a cze  |b eng 
072 7 |a 376  |x Výchova a vzdělávání zvláštních skupin osob  |2 Konspekt  |9 22 
072 7 |a 37.016  |x Učební osnovy. Vyučovací předměty. Učebnice  |2 Konspekt  |9 22 
080 |a 376  |2 MRF 
080 |a (07)  |2 MRF 
080 |a (048.8:082)  |2 MRF 
100 1 |a Pipeková, Jarmila,  |d 1955-  |7 xx0001377  |4 aut 
245 1 0 |a Kapitoly ze speciální pedagogiky /  |c Jarmila Pipeková et al. 
250 |a 3., přeprac. a rozš. vyd. 
260 |a Brno :  |b Paido,  |c 2010 
300 |a 401 s. :  |b il. ;  |c 23 cm 
500 |a 1000 výt. 
500 |a Souběžný anglický úvod (předmluva) 
504 |a Obsahuje bibliografie a rejstříky 
546 |a Anglické resumé 
650 0 7 |a speciální pedagogika  |7 ph116230  |2 czenas 
650 0 9 |a special education  |2 eczenas 
655 7 |a učební texty  |7 fd133599  |2 czenas 
655 7 |a kolektivní monografie  |7 fd501537  |2 czenas 
655 9 |a educational texts  |2 eczenas 
655 9 |a collective monographs  |2 eczenas 
856 4 1 |u https://www.digitalniknihovna.cz/mzk/uuid/uuid:32ecd8b0-215f-11e4-8f64-005056827e52  |y Digitalizovaný dokument  |x NDK 
910 2 |a BOA001  |b 2-1260.302 
990 |a BK 
995 |a 01 
991 |b 201102  |c NOV  |j 376 KAP  |e n 
996 6 |b 2610468242  |c 2-1260.302  |l MZK  |r Sklad / do 1 hodiny  |n 41  |p p.v.  |w 001167105  |u 000010  |a 1  |e BOA001  |j MZK50  |s P 
996 7 |b 2610468243  |c 2-1260.302  |l Vol.výběr  |r VV 0p  |n 73  |p p.v.  |h 376 KAP  |w 001167105  |u 000020  |a 0  |e BOA001  |j MZK50  |s A 
996 7 |b 2610472082  |c 2-1260.302  |l Vol.výběr  |r VV 0p  |n 75  |p kup  |h 376 KAP  |w 001167105  |u 000030  |a 0  |e BOA001  |j MZK50  |s A 
996 7 |b 2610472083  |c 2-1260.302  |l Vol.výběr  |r VV 0p  |n 75  |p kup  |h 376 KAP  |w 001167105  |u 000040  |a 0  |e BOA001  |j MZK50  |s A 
996 7 |b 2610530524  |c 2-1260.302  |l Vol.výběr  |r VV 0p  |n 63  |p kup  |h 376 KAP  |w 001167105  |u 000050  |a 0  |e BOA001  |j MZK50  |s A 
996 7 |b 2610530525  |c 2-1260.302  |l Vol.výběr  |r VV 0p  |n 56  |p kup  |h 376 KAP  |w 001167105  |u 000060  |a 0  |e BOA001  |j MZK50  |s A 
996 7 |b 2610654427  |c 2-1260.302  |l Vol.výběr  |r VV 0p  |n 38  |p kup  |h 376 KAP  |w 001167105  |u 000070  |a 0  |e BOA001  |j MZK50  |s A